<?xml version="1.0" encoding="UTF-8"?>
<record
    xmlns:xsi="http://www.w3.org/2001/XMLSchema-instance"
    xsi:schemaLocation="http://www.loc.gov/MARC21/slim http://www.loc.gov/standards/marcxml/schema/MARC21slim.xsd"
    xmlns="http://www.loc.gov/MARC21/slim">

  <leader>01441cam a2200409Ia 4500</leader>
  <datafield tag="999" ind1=" " ind2=" ">
    <subfield code="c">2497</subfield>
    <subfield code="d">2497</subfield>
  </datafield>
  <controlfield tag="001">11791</controlfield>
  <controlfield tag="003">GBCCL</controlfield>
  <controlfield tag="005">20241126110430.0</controlfield>
  <controlfield tag="008">880112s1987    txu      b    00110 eng d</controlfield>
  <datafield tag="020" ind1=" " ind2=" ">
    <subfield code="a">0849907896</subfield>
  </datafield>
  <datafield tag="035" ind1=" " ind2=" ">
    <subfield code="a">OCM17338368</subfield>
  </datafield>
  <datafield tag="040" ind1=" " ind2=" ">
    <subfield code="a">TDL</subfield>
    <subfield code="c">TDL</subfield>
    <subfield code="d">LBB</subfield>
  </datafield>
  <datafield tag="049" ind1=" " ind2=" ">
    <subfield code="a">LBBK</subfield>
    <subfield code="a">LBBQ</subfield>
    <subfield code="a">LBBU</subfield>
    <subfield code="a">LBBT</subfield>
    <subfield code="a">LBBA</subfield>
    <subfield code="c">1-2</subfield>
    <subfield code="a">LBBC</subfield>
  </datafield>
  <datafield tag="082" ind1=" " ind2=" ">
    <subfield code="a">224.9077</subfield>
    <subfield code="b">STU</subfield>
  </datafield>
  <datafield tag="090" ind1=" " ind2=" ">
    <subfield code="a">BS491.2</subfield>
    <subfield code="b">.W67 v.31</subfield>
  </datafield>
  <datafield tag="092" ind1=" " ind2=" ">
    <subfield code="a">224.6077</subfield>
    <subfield code="b">S929</subfield>
  </datafield>
  <datafield tag="100" ind1="1" ind2=" ">
    <subfield code="a">Stuart, Douglas K.</subfield>
    <subfield code="9">734</subfield>
  </datafield>
  <datafield tag="245" ind1="1" ind2="0">
    <subfield code="a">Hosea-Jonah /</subfield>
    <subfield code="c">Douglas Stuart.</subfield>
  </datafield>
  <datafield tag="260" ind1=" " ind2=" ">
    <subfield code="a">Waco, Tex. :</subfield>
    <subfield code="b">Word Books,</subfield>
    <subfield code="c">c1989.</subfield>
  </datafield>
  <datafield tag="300" ind1=" " ind2=" ">
    <subfield code="a">xlv, 537 p. ;</subfield>
    <subfield code="c">24 cm.</subfield>
  </datafield>
  <datafield tag="440" ind1=" " ind2="0">
    <subfield code="a">Word biblical Themes ;</subfield>
    <subfield code="9">15893</subfield>
  </datafield>
  <datafield tag="500" ind1=" " ind2=" ">
    <subfield code="a">Includes author's translation of Biblical text.</subfield>
  </datafield>
  <datafield tag="504" ind1=" " ind2=" ">
    <subfield code="a">Includes bibliography, index</subfield>
  </datafield>
  <datafield tag="630" ind1="0" ind2="0">
    <subfield code="a">Bible.</subfield>
    <subfield code="p">O.T.</subfield>
    <subfield code="p">Hosea</subfield>
    <subfield code="9">15894</subfield>
  </datafield>
  <datafield tag="630" ind1="0" ind2="0">
    <subfield code="a">Bible.</subfield>
    <subfield code="p">O.T.</subfield>
    <subfield code="p">Joel</subfield>
    <subfield code="9">15895</subfield>
  </datafield>
  <datafield tag="630" ind1="0" ind2="0">
    <subfield code="a">Bible.</subfield>
    <subfield code="p">O.T.</subfield>
    <subfield code="p">Amos</subfield>
    <subfield code="9">15896</subfield>
  </datafield>
  <datafield tag="630" ind1="0" ind2="0">
    <subfield code="a">Bible.</subfield>
    <subfield code="p">O.T.</subfield>
    <subfield code="p">Obadiah</subfield>
    <subfield code="9">15897</subfield>
  </datafield>
  <datafield tag="630" ind1="0" ind2="0">
    <subfield code="a">Bible.</subfield>
    <subfield code="p">O.T.</subfield>
    <subfield code="p">Jonah</subfield>
    <subfield code="9">15898</subfield>
  </datafield>
  <datafield tag="630" ind1="0" ind2="0">
    <subfield code="a">Bible</subfield>
    <subfield code="p">O.T.</subfield>
    <subfield code="p">Minor Prophets</subfield>
    <subfield code="9">15899</subfield>
  </datafield>
  <datafield tag="650" ind1=" " ind2=" ">
    <subfield code="2">Bible OT</subfield>
    <subfield code="a">Criticism, interpretation,etc.</subfield>
    <subfield code="9">15900</subfield>
  </datafield>
  <datafield tag="730" ind1="0" ind2="2">
    <subfield code="a">Bible.</subfield>
    <subfield code="p">O.T.</subfield>
    <subfield code="p">Hosea.</subfield>
    <subfield code="l">English.</subfield>
    <subfield code="s">Stuart.</subfield>
    <subfield code="f">1987.</subfield>
    <subfield code="9">5197</subfield>
  </datafield>
  <datafield tag="730" ind1="0" ind2="2">
    <subfield code="a">Bible.</subfield>
    <subfield code="p">O.T.</subfield>
    <subfield code="p">Joel.</subfield>
    <subfield code="l">English.</subfield>
    <subfield code="s">Stuart.</subfield>
    <subfield code="f">1987.</subfield>
    <subfield code="9">5198</subfield>
  </datafield>
  <datafield tag="730" ind1="0" ind2="2">
    <subfield code="a">Bible.</subfield>
    <subfield code="p">O.T.</subfield>
    <subfield code="p">Amos.</subfield>
    <subfield code="l">English.</subfield>
    <subfield code="s">Stuart.</subfield>
    <subfield code="f">1987.</subfield>
    <subfield code="9">5199</subfield>
  </datafield>
  <datafield tag="730" ind1="0" ind2="2">
    <subfield code="a">Bible.</subfield>
    <subfield code="p">O.T.</subfield>
    <subfield code="p">Obadiah.</subfield>
    <subfield code="l">English.</subfield>
    <subfield code="s">Stuart.</subfield>
    <subfield code="f">1987.</subfield>
    <subfield code="9">5200</subfield>
  </datafield>
  <datafield tag="730" ind1="0" ind2="2">
    <subfield code="a">Bible.</subfield>
    <subfield code="p">O.T.</subfield>
    <subfield code="p">Jonah.</subfield>
    <subfield code="l">English.</subfield>
    <subfield code="s">Stuart.</subfield>
    <subfield code="f">1987.</subfield>
    <subfield code="9">5201</subfield>
  </datafield>
  <datafield tag="942" ind1=" " ind2=" ">
    <subfield code="2">ddc</subfield>
    <subfield code="c">BK</subfield>
    <subfield code="0">22</subfield>
  </datafield>
  <datafield tag="952" ind1=" " ind2=" ">
    <subfield code="0">0</subfield>
    <subfield code="1">0</subfield>
    <subfield code="2">ddc</subfield>
    <subfield code="4">0</subfield>
    <subfield code="7">0</subfield>
    <subfield code="a">GBC</subfield>
    <subfield code="b">GBC</subfield>
    <subfield code="c">BS</subfield>
    <subfield code="d">2017-08-21</subfield>
    <subfield code="l">24</subfield>
    <subfield code="o">224.9077 STU</subfield>
    <subfield code="p">005959</subfield>
    <subfield code="r">2025-10-03 10:59:58</subfield>
    <subfield code="s">2025-09-26</subfield>
    <subfield code="t">c.1</subfield>
    <subfield code="w">2017-08-21</subfield>
    <subfield code="y">BK</subfield>
  </datafield>
</record>
